Giấc mơ Mỹ - Đường đến Stanford : Tản văn

Na minha lista:
Detalhes bibliográficos
Autor principal: Huyền Chip
Formato: Livro
Idioma:Undetermined
Publicado em: Hà Nội Nxb. Hà Nội 2016
Assuntos:
Tags: Adicionar Tag
Sem tags, seja o primeiro a adicionar uma tag!
Thư viện lưu trữ: Trung tâm Học liệu Trường Đại học Cần Thơ
LEADER 00676nam a2200241Ia 4500
001 CTU_230955
008 210402s9999 xx 000 0 und d
020 |c 86000 
082 |a 895.9228403 
082 |b H527 
100 |a Huyền Chip 
245 0 |a Giấc mơ Mỹ - Đường đến Stanford : 
245 0 |b Tản văn 
245 0 |c Huyền Chip 
260 |a Hà Nội 
260 |b Nxb. Hà Nội 
260 |c 2016 
526 |a Tặng,Tặng 
526 |b Chương trình đọc sách AH 
650 |a Nhật ký,Diaries 
650 |y 21th century 
910 |b dqhieu 
980 |a Trung tâm Học liệu Trường Đại học Cần Thơ